000 00844cam a2200229 a 4500
001 000005172
005 20200929151611.0
008 831116s1942 ag 001 0 spa
040 _aDO-SdBNP
_cCarP
_dDLC
041 1 7 _aspa
_heng
_2Código de idioma MARC
082 _a923.2
_bA917m
100 1 _aAuernheimer, Raoul,
_d1876-
_914806
240 0 0 _aPrince Metternich.
_lEspañol
245 1 0 _aMetternich, estadista y hombre galante /
_cRaoul Auernheimer.
260 _aBuenos Aires :
_bSudamericana,
_c1942.
300 _a-397 p. ;
_c22 cm.
534 _aTítulo original inglés:
_tPrince Metternich
600 1 0 _aMETTERNICH-WINNEBURG, CLEMENS LOTHAR WENZEL,
_cPRÍNCIPE VON,
_d1773-1859.
_914807
651 4 _aEuropa
_xPolítica Y Gobierno,
_y1789-1900.
_914808
700 1 _aIbarzábal, Pedro,
_etr.
_914809
910 _aCatalogación por copia / LC
999 _c4975
_d4975